000 00289nam a22001337a 4500
008 170602b xxu||||| |||| 00| 0 eng d
020 _a9780295985251
041 _aeng
080 _a94(100)
100 _a17
101 _aSHH
245 _aFEARFUL SYMMETRY
_cGANGULY.S
942 _2udc
_cBK
999 _c15565
_d15565